000 00497nam a2200121Ia 4500
008 220620s9999||||xx |||||||||||||| ||und||
100 _aYi-Hwa Wu||Ming-Chih Hung
245 0 _aRecent Advances and Applications in Remote Sensing
546 _aEnglish[eng]
650 _aPhysical Sciences||Engineering and Technology||Earth and Planetary Sciences||Remote Sensing||Geology and Geophysics
856 _uhttps://www.intechopen.com/books/recent-advances-and-applications-in-remote-sensing
942 _cEB
999 _c34712
_d34712